[Event "Baden-ch AT1"]
[Site "Oberwinden"]
[Date "2007.04.13"]
[Round "10"]
[White "Schneider, Martin"]
[Black "Li, Davide"]
[Result "1-0"]
[WhiteElo "1219"]
[BlackElo "1058"]
[PlyCount "45"]
[EventDate "2007.04.06"]
[EventType "swiss"]
[EventRounds "11"]
[EventCountry "GER"]
[SourceTitle "CBM 117 Extra"]
[Source "ChessBase"]
[SourceDate "2007.05.09"]
[SourceVersion "1"]
[SourceVersionDate "2007.05.09"]
[SourceQuality "1"]

1. e4 e5 2. Nc3 Nc6 3. Bc4 Bb4 4. d3 Nf6 5. Bd2 d6 6. a3 Ba5 7. b4 Bb6 8. h3 Bd4 9. Nge2 0-0 10. Nxd4 Nxd4 11. Ne2 Nxe2 12. Qxe2 Re8 13. f4 exf4 14. Bxf4 Be6 15. Bxe6 Rxe6 16. 0-0 a5 17. Bg5 b5 18. Qd2 a4 19. Rf5 c6 20. Raf1 h6 21. Bxf6 Rxf6 22. Rxf6 gxf6 23. Qxh6 1-0